Online
Catalog

Los poetas malditos / (Record no. 4359)

MARC details
000 -CABECERA
campo de control de longitud fija 00730nam a2200205 a 4500
001 - NÚMERO DE CONTROL
campo de control 000004551
005 - FECHA Y HORA DE LA ÚLTIMA TRANSACCIÓN
campo de control 20200929151447.0
008 - DATOS DE LONGITUD FIJA--INFORMACIÓN GENERAL
campo de control de longitud fija 840402s1921 sp a 000 0 spa
040 ## - FUENTE DE LA CATALOGACIÓN
Centro catalogador/agencia de origen DO-SdBNP
Lengua de catalogación spa
Centro/agencia transcriptor BNPHU
082 ## - NÚMERO DE LA CLASIFICACIÓN DECIMAL DEWEY
Número de clasificación 841.808
Número de documento/Ítem V521p
100 1# - ENTRADA PRINCIPAL--NOMBRE DE PERSONA
Nombre de persona Verlaine, Paul,
Fechas asociadas al nombre 1844-1896.
9 (RLIN) 13299
245 14 - MENCIÓN DE TÍTULO
Título Los poetas malditos /
Mención de responsabilidad, etc. Paul Verlaine ; traducción en prosa y en verso por M. Bacarisse.
260 ## - PUBLICACIÓN, DISTRIBUCIÓN, ETC.
Lugar de publicación, distribución, etc. Madrid :
Nombre del editor, distribuidor, etc. Mundo Latino,
Fecha de publicación, distribución, etc. 1921.
300 ## - DESCRIPCIÓN FÍSICA
Extensión 196 p. :
-- il. ;
Dimensiones 19 cm.
490 1# - MENCIÓN DE SERIE
Mención de serie Obras completas
Designación de volumen o secuencia vol. 2
650 #4 - PUNTO DE ACCESO ADICIONAL DE MATERIA--TÉRMINO DE MATERIA
Término de materia o nombre geográfico como elemento de entrada Poesía francesa
9 (RLIN) 4916
650 #4 - PUNTO DE ACCESO ADICIONAL DE MATERIA--TÉRMINO DE MATERIA
Término de materia o nombre geográfico como elemento de entrada Literatura francesa
Subdivisión cronológica SIGLO XIX
Subdivisión general Historia y crítica
9 (RLIN) 5239
700 1# - PUNTO DE ACCESO ADICIONAL--NOMBRE DE PERSONA
Nombre de persona Bacarisse, Mauricio,
Fechas asociadas al nombre 1895-1931.
Término indicativo de función/relación tr.
9 (RLIN) 13300
830 #0 - PUNTO DE ACCESO ADICIONAL DE SERIE-TÍTULO UNIFORME
Título uniforme Obras completas ;
Designación de volumen o secuencia vol. 2
9 (RLIN) 5549
Holdings
Estado de retiro Estado de pérdida Restricciones de uso No para préstamo Código de colección Localización permanente Ubicación/localización actual Ubicación en estantería Fecha de adquisición Número de inventario Total de préstamos Signatura topográfica completa Código de barras Fecha visto por última vez Precio válido a partir de Tipo de ítem Koha
    Préstamo interno   Monografías: Libros y Folletos General General En catalogación 23.07.2009 LF1   841.808 V521p 4551-10 25.06.2020 25.06.2020 Préstamo interno

Powered by Koha